[Event "HUN-chT"]
[Site "Hungary"]
[Date "1995.??.??"]
[Round "?"]
[White "Kahn, Evarth"]
[Black "Lovass, Laszlo"]
[Result "1-0"]
[WhiteElo "2400"]
[BlackElo "2305"]
[PlyCount "111"]
[EventDate "1995.??.??"]
[EventType "team"]
[EventRounds "13"]
[EventCountry "HUN"]
[SourceTitle "EXT 1997"]
[Source "ChessBase"]
[SourceDate "1996.11.15"]
[SourceVersion "1"]
[SourceVersionDate "1996.11.15"]
[SourceQuality "1"]

1. d4 d6 2. c4 g6 3. Nc3 Bg7 4. e4 Nd7 5. f4 e5 6. dxe5 dxe5 7. f5 Ne7 8. Bg5 h6 9. Bh4 0-0 10. fxg6 fxg6 11. Nf3 g5 12. Bf2 Ng6 13. c5 c6 14. Be3 Qe7 15. Bc4+ Kh8 16. 0-0 g4 17. Nd2 Nxc5 18. Rxf8+ Bxf8 19. b4 Ne6 20. a3 a5 21. Na4 b5 22. Nb6 bxc4 23. Nxa8 Nd4 24. Nxc4 axb4 25. axb4 Qxb4 26. Nxe5 Nxe5 27. Qxd4 Qxd4 28. Bxd4 Bg7 29. Rd1 Ba6 30. Nc7 Be2 31. Rd2 c5 32. Bc3 Bc4 33. Nd5 Kh7 34. Rb2 Bxd5 35. exd5 Nf3+ 36. gxf3 Bxc3 37. Rb7+ Kg6 38. fxg4 Bd4+ 39. Kg2 Kf6 40. d6 Ke6 41. d7 Ke7 42. Kf3 Be5 43. h4 Bf6 44. h5 c4 45. Rb6 Bg5 46. Rc6 Kxd7 47. Rxc4 Ke6 48. Ke4 Kf7 49. Kf5 Be3 50. Rc7+ Kg8 51. Kg6 Kf8 52. Rh7 Kg8 53. Re7 Bc5 54. Re8+ Bf8 55. g5 hxg5 56. h6 1-0

[Event "Budapest Spring op 07th"]
[Site "Budapest"]
[Date "1991.??.??"]
[Round "9"]
[White "Lovass, Laszlo"]
[Black "Navarovszky, Laszlo"]
[Result "0-1"]
[WhiteElo "2305"]
[BlackElo "2320"]
[PlyCount "114"]
[EventDate "1991.03.??"]
[EventType "swiss"]
[EventRounds "9"]
[EventCountry "HUN"]
[SourceTitle "TD"]
[Source "ChessBase"]
[SourceDate "1994.03.01"]
[SourceVersion "1"]
[SourceVersionDate "1994.03.01"]
[SourceQuality "1"]

1. e4 c6 2. d4 d5 3. f3 e6 4. Nc3 Nf6 5. Be3 b5 6. Bd3 b4 7. Nce2 a5 8. Nh3 Ba6 9. 0-0 Qb6 10. Kh1 c5 11. dxc5 Bxc5 12. Bxc5 Qxc5 13. e5 Nfd7 14. f4 Nc6 15. Ng5 h6 16. Bxa6 hxg5 17. Bb7 Rb8 18. Bxc6 Qxc6 19. Nd4 Qb6 20. f5 Nxe5 21. fxe6 f6 22. Nf3 Qd6 23. Nxe5 Qxe5 24. h3 Rd8 25. Qd3 Qe4 26. Qb5+ Kf8 27. Rae1 Rxh3+ 28. Kg1 Qd4+ 29. Rf2 Re3 30. Rxe3 Qxe3 31. Qc6 Re8 32. Qd6+ Kg8 33. Qxd5 Rxe6 34. Qxa5 g4 35. Qd8+ Kh7 36. Qd3+ Qxd3 37. cxd3 g3 38. Rf3 Re1+ 39. Rf1 Re2 40. Rb1 Rd2 41. a4 bxa3 42. bxa3 Ra2 43. Kf1 Kg6 44. Rb3 Kf5 45. d4 Kg4 46. d5 Rf2+ 47. Kg1 Rd2 48. Kf1 f5 49. d6 Rxd6 50. Rb4+ f4 51. Ke2 g5 52. a4 Re6+ 53. Kf1 Rc6 54. Re4 Kf5 55. Re1 g4 56. a5 f3 57. Ra1 Rh6 0-1